Eyewitnesses at Nuremberg (Record no. 69303)
[ view plain ]
| 000 -LEADER | |
|---|---|
| fixed length control field | 01005nam a2200277 a 4500 |
| 001 - CONTROL NUMBER | |
| control field | 2494392 |
| 003 - CONTROL NUMBER IDENTIFIER | |
| control field | NUST - PNEC |
| 005 - DATE AND TIME OF LATEST TRANSACTION | |
| control field | 20170116181115.0 |
| 008 - FIXED-LENGTH DATA ELEMENTS--GENERAL INFORMATION | |
| fixed length control field | 910607s1990 enka b 001 0 eng |
| 010 ## - LIBRARY OF CONGRESS CONTROL NUMBER | |
| LC control number | 91160031 |
| 020 ## - INTERNATIONAL STANDARD BOOK NUMBER | |
| International Standard Book Number | 1854090585 |
| 040 ## - CATALOGING SOURCE | |
| Original cataloging agency | DLC |
| Transcribing agency | LIBRARY |
| 043 ## - GEOGRAPHIC AREA CODE | |
| Geographic area code | e-gx--- |
| 050 00 - LIBRARY OF CONGRESS CALL NUMBER | |
| Classification number | JX5437.8 |
| Item number | .E94 1990 |
| 082 00 - DEWEY DECIMAL CLASSIFICATION NUMBER | |
| Classification number | 940.545 GAS |
| Edition number | 20 |
| 100 ## - MAIN ENTRY--PERSONAL NAME | |
| 9 (RLIN) | 13175 |
| Personal name | Gaskin, Hilary |
| 245 00 - TITLE STATEMENT | |
| Title | Eyewitnesses at Nuremberg |
| Statement of responsibility, etc. | Hilary Gaskin. |
| 260 ## - PUBLICATION, DISTRIBUTION, ETC. | |
| Place of publication, distribution, etc. | London : |
| Name of publisher, distributor, etc. | Arms and Armour ; |
| Place of publication, distribution, etc. | New York, NY : |
| Name of publisher, distributor, etc. | Distributed in the USA by Sterling Pub. Co., |
| Date of publication, distribution, etc. | c.1990 |
| 300 ## - PHYSICAL DESCRIPTION | |
| Extent | xx, 192 p. : |
| Other physical details | ill. ; |
| Dimensions | 24 cm. |
| 504 ## - BIBLIOGRAPHY, ETC. NOTE | |
| Bibliography, etc. note | Includes bibliographical references (p. 185-186) and index. |
| 650 #0 - SUBJECT ADDED ENTRY--TOPICAL TERM | |
| Topical term or geographic name entry element | Nuremberg Trial of Major German War Criminals, Nuremberg, Germany, 1945-1946. |
| 700 1# - ADDED ENTRY--PERSONAL NAME | |
| Personal name | Gaskin, Hilary. |
| 906 ## - LOCAL DATA ELEMENT F, LDF (RLIN) | |
| a | 7 |
| b | cbc |
| c | orignew |
| d | 2 |
| e | ncip |
| f | 19 |
| g | y-gencatlg |
| 942 ## - ADDED ENTRY ELEMENTS (KOHA) | |
| Source of classification or shelving scheme | |
| Koha item type | Book |
| Withdrawn status | Lost status | Source of classification or shelving scheme | Damaged status | Not for loan | Permanent Location | Current Location | Shelving location | Date acquired | Total Checkouts | Full call number | Barcode | Date last seen | Price effective from | Koha item type |
|---|---|---|---|---|---|---|---|---|---|---|---|---|---|---|
| Pakistan Navy Engineering College (PNEC) | Pakistan Navy Engineering College (PNEC) | 940.545 GAS | PNECLIB-016899 | 10/04/2015 | Book |
